Landesbank Berlin setzt Zeichen.
Rýchly rozvoj úverového hospodárstva po zjednotení Nemecka v berlínskej Zemskej banke. Pripravenosť Zemskej banky na nové úlohy pri rozvoji regiónu. Vzťah filiálok a centra. Štruktúra zákazníkov a ich potreby. Prudké rozšírenie banky v r. 1991. Zvyšovanie kvalifikácie personálu. Vlastný kapitál bank...
Salvato in:
| Autore principale: | |
|---|---|
| Natura: | Capitolo di libro |
| Lingua: | tedesco |
| Soggetti: | |
| Tags: |
Nessun Tag, puoi essere il primo ad aggiungerne!!
|
MARC
| LEADER | 00000naa a2200000 4500 | ||
|---|---|---|---|
| 001 | r008984 | ||
| 005 | 20221208123446.3 | ||
| 041 | 0 | |a ger | |
| 044 | |a DE | ||
| 245 | 1 | 0 | |a Landesbank Berlin setzt Zeichen. |c H. Moser |
| 520 | |a Rýchly rozvoj úverového hospodárstva po zjednotení Nemecka v berlínskej Zemskej banke. Pripravenosť Zemskej banky na nové úlohy pri rozvoji regiónu. Vzťah filiálok a centra. Štruktúra zákazníkov a ich potreby. Prudké rozšírenie banky v r. 1991. Zvyšovanie kvalifikácie personálu. Vlastný kapitál banky. | ||
| 610 | 2 | 0 | |a Landesbank Berlin |
| 610 | 2 | 0 | |a banky |
| 610 | 2 | 0 | |a úverovanie |
| 610 | 2 | 0 | |a rozvoj regionálny |
| 610 | 2 | 0 | |a štruktúra organizačná |
| 610 | 2 | 0 | |a zákazníci |
| 610 | 2 | 0 | |a 1991 |
| 610 | 2 | 0 | |a zvyšovanie kvalifikácie |
| 610 | 2 | 0 | |a kapitál |
| 100 | 1 | |a Moser, H. | |